Smith v Bush (Record no. 6965)

MARC details
000 -LEADER
fixed length control field 00796cab a2200181 4500
001 - CONTROL NUMBER
control field WB2515-30
008 - FIXED-LENGTH DATA ELEMENTS--GENERAL INFORMATION
fixed length control field 090401t1989 xxu||||| |||| 00| 0 eng d
035 ## - SYSTEM CONTROL NUMBER
System control number (Sirsi) u10933
041 ## - LANGUAGE CODE
Language code of text/sound track or separate title eng
245 ## - TITLE STATEMENT
Title Smith v Bush
260 ## - PUBLICATION, DISTRIBUTION, ETC.
Date of publication, distribution, etc. 1989
350 ## - PRICE (NR) (BK AM CF MU VM SE) [OBSOLETE]
Price 0
490 ## - SERIES STATEMENT
Series statement Transcript
Volume/sequential designation of HL Judgment 20 April 1989, (37) £5.00
520 ## - SUMMARY, ETC.
Summary, etc. Transcript of HL decision in Smith v Eric S Bush and Harris v Wyre Forest DC two appeals which considered the question of alleged negligence on the part of surveyors who carried out mortgage valuations and the extent of the duty of care owed to the purchasers of the properties. Neither valuation report identified defects which subsequently arose.
690 ## - LOCAL SUBJECT ADDED ENTRY--TOPICAL TERM (OCLC, RLIN)
Topical term or geographic name as entry element MANAGEMENT-BUSINESS MANAGEMENT-PROFESSIONAL PRACTICE
942 ## - ADDED ENTRY ELEMENTS (KOHA)
Suppress in OPAC 0
948 ## - LOCAL PROCESSING INFORMATION (OCLC); SERIES PART DESIGNATOR (RLIN)
c (OCLC) 04/03/1997
Holdings
Withdrawn status Lost status Source of classification or shelving scheme Damaged status Not for loan Home library Current library Shelving location Date acquired Total Checkouts Full call number Barcode Date last seen Copy number Price effective from Koha item type
    Dewey Decimal Classification     London London News article 14/09/1999   WB2515-30 10933-1001 06/08/2019 1 06/08/2019 News article